=LDR 00000nam 2200000 4500 =001 INLIS000000000026142 =005 20130612124611 =008 ***********************************Ind** =035 ##$$0010-061300000026142 =041 ##$$a Ind =082 ##$$a 512.5 =090 ##$$a 512.5, Lin l =100 ##$$a Supranto, J =245 ##$$a Linear programming, J. Supranto M.A =260 ##$$a 1983 $b Jakarta =300 ##$$a 350 hlm, 21 cm =650 ##$$a Matematika (Program) =850 ##$$a NBPNMAT